000 00621nam a2200181Ia 4500
008 100920s9999 xx 000 0 und d
082 _b21042
_a491.462 थ 69
100 _aमोहन विश्वासराव.
245 _aसंगीत रूढीची बेडी.
260 _bत्रदिल प्रकाशन, मुंबई 4.
_c1969
300 _a84
_bसाधी
365 _b2.5
520 _aनाटक.
630 _aसंगीत रूढीची बेडी.
650 _aनाटक.
730 _aसंगीत रूढीची बेडी.
942 _cBOOK
999 _c681252
_d681249